Dissipative structures and spatiotemporal organization studies in biomedical research : (Record no. 158397)
[ view plain ]
| 000 -LEADER | |
|---|---|
| fixed length control field | 01229nam a2200289 a 4500 |
| 003 - CONTROL NUMBER IDENTIFIER | |
| control field | OSt |
| 005 - DATE AND TIME OF LATEST TRANSACTION | |
| control field | 20251106160130.0 |
| 008 - FIXED-LENGTH DATA ELEMENTS--GENERAL INFORMATION | |
| fixed length control field | |
| 020 ## - INTERNATIONAL STANDARD BOOK NUMBER | |
| International Standard Book Number | 0813816203 (paperback.) |
| 040 ## - CATALOGING SOURCE | |
| Transcribing agency | NUST |
| Original cataloging agency | NUST |
| Language of cataloging | eng |
| Modifying agency | NUST |
| Description conventions | rda |
| 050 ## - LIBRARY OF CONGRESS CALL NUMBER | |
| Classification number | QH505 DIS |
| 100 ## - MAIN ENTRY--PERSONAL NAME | |
| Personal name | George P. Scott |
| Relator term | editor |
| 245 10 - TITLE STATEMENT | |
| Title | Dissipative structures and spatiotemporal organization studies in biomedical research : |
| Remainder of title | report of the First John Lawrence Interdisciplinary Symposium on the Physical and Biomedical Sciences, held January 17, 1979, in Sioux Falls, South Dakota / |
| Statement of responsibility, etc. | edited by George P. Scott |
| 260 0# - PUBLICATION, DISTRIBUTION, ETC. | |
| Place of publication, distribution, etc. | Ames, Iowa : |
| Name of publisher, distributor, etc. | Iowa State University Press, |
| Date of publication, distribution, etc. | ©1980. |
| 300 ## - PHYSICAL DESCRIPTION | |
| Extent | x, 271 pages. : |
| Other physical details | illustrations. ; |
| Dimensions | 23 cm. |
| 336 ## - CONTENT TYPE | |
| Source | rdacontent |
| Content type term | text |
| Content type code | txt |
| 337 ## - MEDIA TYPE | |
| Source | rdamedia |
| Media type term | unmediated |
| Media type code | n |
| 338 ## - CARRIER TYPE | |
| Source | rdacarrier |
| Carrier type term | volume |
| Carrier type code | nc |
| 504 ## - BIBLIOGRAPHY, ETC. NOTE | |
| Bibliography, etc. note | Includes bibliographical references and index |
| 650 #0 - SUBJECT ADDED ENTRY--TOPICAL TERM | |
| Topical term or geographic name entry element | Biophysics |
| General subdivision | Congresses. |
| 650 #0 - SUBJECT ADDED ENTRY--TOPICAL TERM | |
| Topical term or geographic name entry element | Biological rhythms |
| General subdivision | Congresses. |
| 650 #0 - SUBJECT ADDED ENTRY--TOPICAL TERM | |
| Topical term or geographic name entry element | Morphogenesis |
| General subdivision | Congresses. |
| 650 #0 - SUBJECT ADDED ENTRY--TOPICAL TERM | |
| Topical term or geographic name entry element | Thermodynamics |
| General subdivision | Congresses. |
| 700 10 - ADDED ENTRY--PERSONAL NAME | |
| Personal name | Scott, George P. |
| Relator term | editor |
| 700 10 - ADDED ENTRY--PERSONAL NAME | |
| Personal name | McMillin, J. Michael |
| Relator term | editor |
| 942 ## - ADDED ENTRY ELEMENTS (KOHA) | |
| Koha item type | Ordinary Loan Books |
| Call number prefix | QH505 |
| Source of classification or shelving scheme | Library of Congress Classification |
| Classification part | QH505 DIS |
| Call number suffix | DIS |
| Suppress in OPAC | No |
| Withdrawn status | Lost status | Source of classification or shelving scheme | Damaged status | Not for loan | Collection | Home library | Current library | Shelving location | Date acquired | Source of acquisition | Cost, normal purchase price | Total Checkouts | Full call number | Barcode | Date last seen | Accession number | Cost, replacement price | Price effective from | Koha item type | Public note |
|---|---|---|---|---|---|---|---|---|---|---|---|---|---|---|---|---|---|---|---|---|
| LCC | 1 | NFIC | MAIN | MAIN | GEN | 01/23/2023 | Book Aid International | 80.00 | QH505 DIS | 92003036030 | 01/23/2023 | 26283 | 80.00 | 01/23/2023 | BOOKS | Donation | ||||
| LCC | 1 | NFIC | MAIN | MAIN | GEN | 11/06/2025 | Book Aid International | 80.00 | QH505 DIS | 92003035876 | 11/06/2025 | 26270 | 80.00 | 11/06/2025 | BOOKS | Donation | ||||
| LCC | 1 | NFIC | MAIN | MAIN | GEN | 01/23/2023 | Book Aid International | 80.00 | QH505 DIS | 92003035794 | 11/06/2025 | 26261 | 80.00 | 01/23/2023 | BOOKS | Donation | ||||
| LCC | 1 | NFIC | MAIN | MAIN | GEN | 01/23/2023 | Book Aid International | 80.00 | QH505 DIS | 92003036569 | 11/06/2025 | 26282 | 80.00 | 01/23/2023 | BOOKS | Donation | ||||
| LCC | 1 | NFIC | MAIN | MAIN | GEN | 01/23/2023 | Book Aid International | 80.00 | QH505 DIS | 92003035758 | 11/06/2025 | 26268 | 80.00 | 01/23/2023 | BOOKS | Donation | ||||
| LCC | 1 | NFIC | MAIN | MAIN | GEN | 01/23/2023 | Book Aid International | 80.00 | QH505 DIS | 92003035795 | 11/06/2025 | 26265 | 80.00 | 01/23/2023 | BOOKS | Donation | ||||
| LCC | 1 | NFIC | MAIN | MAIN | GEN | 01/23/2023 | Book Aid International | 80.00 | QH505 DIS | 92003036746 | 11/06/2025 | 26426 | 80.00 | 01/23/2023 | BOOKS | Donation | ||||
| LCC | 1 | NFIC | MAIN | MAIN | GEN | 01/23/2023 | Book Aid International | 80.00 | QH505 DIS | 92003035698 | 11/06/2025 | 26280 | 80.00 | 01/23/2023 | BOOKS | Donation | ||||
| LCC | 1 | NFIC | MAIN | MAIN | GEN | 01/23/2023 | Book Aid International | 80.00 | QH505 DIS | 92003035885 | 11/06/2025 | 26260 | 80.00 | 01/23/2023 | BOOKS | Donation | ||||
| LCC | 1 | NFIC | MAIN | MAIN | GEN | 01/23/2023 | Book Aid International | 80.00 | QH505 DIS | 92003035769 | 11/06/2025 | 26284 | 80.00 | 01/23/2023 | BOOKS | Donation | ||||
| LCC | 1 | NFIC | MAIN | MAIN | GEN | 01/23/2023 | Book Aid International | 80.00 | QH505 DIS | 92003036033 | 11/06/2025 | 26281 | 80.00 | 01/23/2023 | BOOKS | Donation | ||||
| LCC | 1 | NFIC | MAIN | MAIN | GEN | 01/23/2023 | Book Aid International | 80.00 | QH505 DIS | 92003035701 | 11/06/2025 | 26278 | 80.00 | 01/23/2023 | BOOKS | Donation |